000 00664nam a2200205 a 4500
005 20250122122710.0
008 250122t 2020-us||||| |||| 00| 0 eng d
020 0 0 _a9781400224630
040 _aAKMAL
082 0 4 _a658.4 ROB
090 0 0 _a658.4
_bROB
100 1 0 _aShaw, Robert B.,
_d1956-
_99595
245 1 0 _aAll in :
_bhow obsessive leaders achieve the extraordinary /
_cRobert Bruce Shaw.
264 0 1 _aNew York, New York :
_bHarperCollins Leadership, an imprint of HarperCollins,
_c2020.
300 _a220p.;
_c24cm
650 1 0 _aLeadership.
650 1 0 _aCreative ability in business.
_95740
650 2 0 _aSuccess in business.
_91084
942 _2ddc
_cBOOK
999 _c5029
_d5029